| 000 | 00610nam a2200229Ia 4500 | ||
|---|---|---|---|
| 003 | OSt | ||
| 005 | 20221007064615.0 | ||
| 006 | a|||||r|||| 00| 0 | ||
| 007 | ta | ||
| 008 | 221006b |||||||| |||| 00| 0 eng d | ||
| 024 | _a16,132 | ||
| 037 | _cTextual | ||
| 040 |
_aFLL _cFLL _beng |
||
| 041 |
_2eng _aeng |
||
| 082 | _aX7291:Z2, J3 | ||
| 100 |
_aRai Champat Au. _9686024 |
||
| 245 | 0 | _aLaw and practice of sales tax in India | |
| 260 |
_aDelhi _bK.Rai & Co. India _c1953 |
||
| 300 |
_a233p _ccm. |
||
| 942 |
_hX7291:Z2, J3 _cTEXL _2CC |
||
| 999 |
_c1134681 _d1134681 |
||